| 000 -LEADER |
| fixed length control field |
00781nam a2200205 4500 |
| 001 - CONTROL NUMBER |
| control field |
6650 |
| 003 - CONTROL NUMBER IDENTIFIER |
| control field |
BD-DhUAP |
| 005 - DATE AND TIME OF LATEST TRANSACTION |
| control field |
20210116135555.0 |
| 008 - FIXED-LENGTH DATA ELEMENTS--GENERAL INFORMATION |
| fixed length control field |
210116s2003 bg a|||| |||| 00| 0 ben d |
| 020 ## - INTERNATIONAL STANDARD BOOK NUMBER |
| International Standard Book Number |
9846340392 |
| 040 ## - CATALOGING SOURCE |
| Original cataloging agency |
BD-DhUAP |
| Language of cataloging |
Bangla |
| Transcribing agency |
BD-DhUAP |
| Modifying agency |
BD-DhUAP |
| 082 ## - DEWEY DECIMAL CLASSIFICATION NUMBER |
| Edition number |
23 |
| Classification number |
005.133 HOS |
| 100 ## - MAIN ENTRY--PERSONAL NAME |
| Personal name |
হোসেন, মুহম্মদ রাহাত। |
| 245 ## - TITLE STATEMENT |
| Title |
জাভাস্ক্রিপ্ট : |
| Remainder of title |
হাতে-খড়ি / |
| Statement of responsibility, etc. |
মুহম্মদ রাহাত হোসেন। |
| 260 ## - PUBLICATION, DISTRIBUTION, ETC. |
| Place of publication, distribution, etc. |
ঢাকা : |
| Name of publisher, distributor, etc. |
পাঞ্জেরী, |
| Date of publication, distribution, etc. |
c২০০৩। |
| 300 ## - PHYSICAL DESCRIPTION |
| Extent |
৭১ পৃষ্ঠা : |
| Other physical details |
চিত্র ; |
| Dimensions |
১৪ সেমি.। |
| 650 ## - SUBJECT ADDED ENTRY--TOPICAL TERM |
| Topical term or geographic name entry element |
Java (Computer program language). |
| 650 ## - SUBJECT ADDED ENTRY--TOPICAL TERM |
| Topical term or geographic name entry element |
Computer programming. |
| 942 ## - ADDED ENTRY ELEMENTS (KOHA) |
| Source of classification or shelving scheme |
|
| Koha item type |
Book |